00569nam a22001817a 4500003001100000005001700011008004100028020001500069040003900084041000800123082001600131100002800147245002900175260005700204300006100261650003800322650002700360LK-CoMWRAF20230921144834.0230921b1986 |||||||| |||| 00| 0 eng d a8185265054 aLK-CoMWRAFdLK-CoMWRAFeLK-CoMWRAF aeng a340.59bSID aSiddiqi, Muhammad Iqbal aThe Family Laws of Islam aNew Delhi:b International Islamic Publishers,c1986 a viii, 278 p. ; 23 cm. bBibliography and index included aMARRIAGE-RELIGIOUS ASPECTS-ISLAM  aMarriage (Islamic law)